Sketch of the geology of North Amrica, (Record no. 24331)

MARC details
000 -LEADER
fixed length control field 00822cam a22002291 4500
001 - CONTROL NUMBER
control field gs 05001006
003 - CONTROL NUMBER IDENTIFIER
control field DLC
005 - DATE AND TIME OF LATEST TRANSACTION
control field 20260227111302.0
008 - FIXED-LENGTH DATA ELEMENTS--GENERAL INFORMATION
fixed length control field 830221s1839 enkb 000 0 eng c
010 ## - LIBRARY OF CONGRESS CONTROL NUMBER
LC control number gs 05001006
035 ## - SYSTEM CONTROL NUMBER
System control number (OCoLC)9240840
040 ## - CATALOGING SOURCE
Original cataloging agency Library, U.S. Geol.
Transcribing agency TxDaM
Modifying agency TxDaM
-- DLC
042 ## - AUTHENTICATION CODE
Authentication code premarc
050 00 - LIBRARY OF CONGRESS CALL NUMBER
Classification number QH1
Item number .A893
051 ## - LIBRARY OF CONGRESS COPY, ISSUE, OFFPRINT STATEMENT
Classification number QE71
Item number .D3
Copy information Copy 2.
100 1# - MAIN ENTRY--PERSONAL NAME
Personal name Daubeny, Charles,
Dates associated with a name 1795-1867.
245 10 - TITLE STATEMENT
Title Sketch of the geology of North Amrica,
Remainder of title being the substance of a memoir read before the Ashmolean Society Nov. 26, 1838.
Statement of responsibility, etc. By Charles Daubeny.
260 ## - PUBLICATION, DISTRIBUTION, ETC.
Place of publication, distribution, etc. Oxford,
Name of publisher, distributor, etc. Printed by T. Combe, printer to the University, for the Ashmolean Society,
Date of publication, distribution, etc. 1839.
300 ## - PHYSICAL DESCRIPTION
Extent xviii, 73 p.
Other physical details front. (fold. map)
Dimensions 23 cm.
650 #0 - SUBJECT ADDED ENTRY--TOPICAL TERM
Topical term or geographic name entry element Geology
Geographic subdivision North America.
710 2# - ADDED ENTRY--CORPORATE NAME
Corporate name or jurisdiction name as entry element Ashmolean Society.

No items available.

Powered by Koha